A Classical Dictionary of India : Illustrative of the Mythology Philosophy,Literature,Antiquities Arts,Manners Customs and C of the Hindus (Record no. 81718)
[ view plain ]
| 000 -LEADER | |
|---|---|
| fixed length control field | 00536nam a2200169Ia 4500 |
| 003 - CONTROL NUMBER IDENTIFIER | |
| control field | LK-CoDNM |
| 005 - DATE AND TIME OF LATEST TRANSACTION | |
| control field | 20231014110930.0 |
| 008 - FIXED-LENGTH DATA ELEMENTS--GENERAL INFORMATION | |
| fixed length control field | 010623t1871 xxu||||| |||| 00| 1 eng d |
| 040 ## - CATALOGING SOURCE | |
| Original cataloging agency | LK-CoDNM |
| Modifying agency | LK-CoDNM |
| Description conventions | LK-CoDNM |
| 041 ## - LANGUAGE CODE | |
| Language code of text/sound track or separate title | English |
| 080 ## - UNIVERSAL DECIMAL CLASSIFICATION NUMBER | |
| Universal Decimal Classification number | 12 F12 |
| 942 ## - ADDED ENTRY ELEMENTS (KOHA) | |
| Koha item type | Books |
| 100 ## - MAIN ENTRY--PERSONAL NAME | |
| Personal name | Garrett,John. |
| 245 ## - TITLE STATEMENT | |
| Title | A Classical Dictionary of India : Illustrative of the Mythology Philosophy,Literature,Antiquities Arts,Manners Customs and C of the Hindus |
| 260 ## - PUBLICATION, DISTRIBUTION, ETC. (IMPRINT) | |
| Name of publisher, distributor, etc. | Higginbotham Company |
| Place of publication, distribution, etc. | Madras |
| Date of publication, distribution, etc. | 1871 |
| 300 ## - PHYSICAL DESCRIPTION | |
| Other physical details | VIII,793p., 21 cm |
| Withdrawn status | Lost status | Damaged status | Not for loan | Collection code | Permanent Location | Current Location | Date acquired | Full call number | Barcode | Koha item type |
|---|---|---|---|---|---|---|---|---|---|---|
| Damaged | Old Books Collection | Library National Museum Colombo - Sri Lanka | Library National Museum Colombo - Sri Lanka | 2023-09-16 | 12 F12.1 | OB106 | Books |


